SELEÇÕES QUE JÁ JOGARAM A COPA DA ÁSIA - Statistics

Estatísticas Gerais
  • Esse quiz foi jogado 123 vezes
  • A pontuação média é 27 de 34
Estatísticas das Respostas
Hint Resposta % Correto
4 CHINA
99%
21 COREIA DO NORTE
99%
2 COREIA DO SUL
99%
3 JAPÃO
99%
20 ÍNDIA
95%
19 INDONÉSIA
94%
5 ARÁBIA SAUDITA
93%
1 IRÃ
92%
16 TAILÂNDIA
92%
8 CATAR
89%
7 IRAQUE
88%
18 VIETNÃ
88%
6 EMIRADOS ÁRABES UNIDOS
85%
17 OMÃ
82%
13 BAHREIN
80%
15 ISRAEL
80%
24 LÍBANO
80%
12 JORDÂNIA
79%
10 KUWAIT
79%
22 MALÁSIA
79%
14 SÍRIA
78%
9 UZBEQUISTÃO
78%
33 IÊMEN
76%
34 FILIPINAS
75%
29 CAMBOJA
74%
31 TURCOMENISTÃO
74%
25 TAIWAN
73%
11 AUSTRÁLIA
72%
32 BANGLADESH
66%
23 MYANMAR
66%
26 QUIRGUISTÃO
65%
30 PALESTINA
48%
27 HONG KONG
42%
28 CINGAPURA
22%
Nenhum quiz correspondente encontrado
Distribuição das Pontuações
Porcentagem de Pessoas com Cada Pontuação
Percentil de Números Respondidos
Sua Pontuação Histórica
Você não jogou esse quiz